Central Library OPAC University of Rajshahi

The genesis of modern British town planning : (Record no. 16532)

MARC details
000 -LEADER
fixed length control field 01115nam a22002891 4500
001 - CONTROL NUMBER
control field 16532
003 - CONTROL NUMBER IDENTIFIER
rucl marc code BD-RjUL
005 - DATE AND TIME OF LATEST TRANSACTION
control field 20211209000024.0
008 - FIXED-LENGTH DATA ELEMENTS--GENERAL INFORMATION
fixed length control field 140213s19551954enk b 001 0 eng d
035 ## - SYSTEM CONTROL NUMBER
System control number (BD-RjUL)16587
System control number (OCoLC)1124959
040 ## - CATALOGING SOURCE
Original cataloging agency DLC
Transcribing agency RUn
Modifying agency OCoLC
-- Uk
-- DLC
-- BD-RjUL
Language of cataloging eng
041 ## - LANGUAGE CODE
Language code of text/sound track or separate title eng
082 00 - DEWEY DECIMAL CLASSIFICATION NUMBER
Classification number 711
Author mark and year ASG 1955
100 1# - MAIN ENTRY--PERSONAL NAME
Personal name Ashworth, William.
9 (RLIN) 51094
245 14 - TITLE STATEMENT
Title The genesis of modern British town planning :
Remainder of title a study in economic and social history of the nineteenth and twentieth centuries /
Statement of responsibility, etc. William Ashworth.
260 ## - PUBLICATION, DISTRIBUTION, ETC. (IMPRINT)
Place of publication, distribution, etc. London,
Name of publisher, distributor, etc. Routledge & Paul
Date of publication, distribution, etc. [1954]
300 ## - PHYSICAL DESCRIPTION
Pagination xii, 259 p. :
Size 23 cm.
490 1# - SERIES STATEMENT
Series statement International library of sociology and social reconstruction
500 ## - GENERAL NOTE
General note "A revised version of a thesis approved for the ... degree of Ph. D. in the University of London in 1950."
504 ## - BIBLIOGRAPHY, ETC. NOTE
Bibliography, etc Bibliography: p. 238-252. and index.
650 #0 - SUBJECT ADDED ENTRY--TOPICAL TERM
Topical term or geographic name as entry element City planning
Geographic subdivision Great Britain.
9 (RLIN) 5728
830 #0 - SERIES ADDED ENTRY--UNIFORM TITLE
Uniform title International library of sociology and social reconstruction (London)
942 ## - ADDED ENTRY ELEMENTS (KOHA)
Source of classification or shelving scheme Dewey Decimal Classification
Koha item type Books
Holdings
Lost status Source of classification or shelving scheme Damaged status Not for loan Collection code Permanent Location Current Location Shelving location Date acquired Source of acquisition Cost, normal purchase price Total Checkouts Full call number Date last seen Copy number Koha item type
  Dewey Decimal Classification   Not For Loan Non-fiction Central Library, University of Rajshahi Central Library, University of Rajshahi Reading Room 13/02/2014 Swets + Zetlinger 32.00   711 ASG 1965 13/02/2014 C-1 Books
  Dewey Decimal Classification     Non-fiction Central Library, University of Rajshahi Central Library, University of Rajshahi   02/01/1975 Jonathan ware & co. 3.00   711 ASG 1972 15/02/2014 C-2 Books